000 00688nam a2200205Ia 4500
005 20241129111253.0
008 241129s9999||||xx |||||||||||||| ||und||
037 _aTB
040 _aCRL
_bpun
_cCRL
041 _apun
_2pun
084 _aO153,6:g P9
_qCRL
100 _aਸਿੰਘ, ਜਗਬੀਰ, ਚ।
245 0 _aਮੱਧਕਾਲੀ ਸ਼ਬਦ ਸਭਿਆਚਾਰ
_cਸਿੰਘ, ਜਗਬੀਰ, ਚ।
260 _aਜਲੰਧਰ, ਭਾਰਤ
_bਜਲੰਧਰ ਮਨਪ੍ਰੀਤ ਪ੍ਰਕਾਸ਼ਨ
_c2009
300 _a120ਪ੍ਰ0
365 _aINR
_b175
650 _aPunjabi Prose
942 _cTB
_hO153,6:g P9
999 _c1229673
_d1229673